[Event "ESP-ch U10"]
[Site "Salobrena"]
[Date "2023.07.03"]
[Round "2"]
[White "Escobar Pavlik, Luka"]
[Black "Iglesias Flores, Marcos"]
[Result "0-1"]
[WhiteElo "1174"]
[BlackElo "1395"]
[PlyCount "166"]
[EventDate "2023.07.03"]
[EventType "swiss"]
[EventRounds "9"]
[EventCountry "ESP"]
[SourceTitle "EXT 2024"]
[Source "ChessBase"]
[SourceDate "2023.10.10"]
[SourceVersion "1"]
[SourceVersionDate "2023.10.10"]
[SourceQuality "1"]

1. d4 d5 2. c4 e6 3. Nc3 Nf6 4. Bg5 Be7 5. Nf3 0-0 6. e3 Nbd7 7. cxd5 exd5 8. Bd3 h6 9. Bh4 b6 10. 0-0 Bb7 11. Rc1 Ne4 12. Bxe7 Qxe7 13. Nd2 Nxd2 14. Qxd2 Nf6 15. Rfe1 Rfe8 16. f3 Qd7 17. Re2 Rad8 18. Rce1 a6 19. b4 Qd6 20. a3 Qd7 21. Bc2 Qd6 22. Bb3 Re7 23. Nd1 Bc6 24. Nb2 Bb5 25. Nd3 Bc6 26. Rc1 Bb7 27. Rc3 Ra8 28. a4 Rc8 29. Rc1 Rd7 30. Ne5 Re7 31. Rce1 Rd8 32. Rc1 Rc8 33. Rb1 Nd7 34. Nd3 Nf6 35. Bc2 Ree8 36. Qc3 Re7 37. Ne5 Nd7 38. Qd3 Nf6 39. Ng4 g6 40. Nxh6+ Kg7 41. Ng4 Nxg4 42. fxg4 Rh8 43. h3 Qg3 44. Rf1 Rxh3 45. Rf3 Qh2+ 46. Kf2 Rxf3+ 47. Kxf3 Re6 48. Kf2 Rf6+ 49. Ke1 Qg3+ 50. Kd2 Qxg4 51. Qc3 Rc6 52. Qd3 Bc8 53. Bd1 Qe6 54. e4 dxe4 55. Rxe4 Qa2+ 56. Ke3 Bf5 57. d5 Bxe4 58. Qd4+ Rf6 59. Qxe4 Qf2+ 60. Kd3 Qf5 61. Qxf5 Rxf5 62. Ke4 Kf6 63. Be2 Re5+ 64. Kf3 Rxe2 65. Kxe2 Ke5 66. Kf3 Kxd5 67. g4 Kc4 68. g5 Kxb4 69. Ke4 c5 70. a5 Kxa5 71. Kd3 Kb4 72. Kc2 c4 73. Kb2 c3+ 74. Ka1 Kc4 75. Kb1 Kd3 76. Kc1 c2 77. Kb2 Kd2 78. Kb3 c1Q 79. Ka4 Qc5 80. Kb3 Qd4 81. Ka2 Qb4 82. Ka1 Kc2 83. Ka2 Qb2# 0-1

[Event "Galicia-ch U14"]
[Site "Padron"]
[Date "2023.02.19"]
[Round "3"]
[White "Fernandez Ramos, Iago"]
[Black "Iglesias Flores, Marcos"]
[Result "1-0"]
[WhiteElo "1805"]
[BlackElo "1474"]
[PlyCount "39"]
[EventDate "2023.02.18"]
[EventType "swiss"]
[EventRounds "8"]
[EventCountry "ESP"]
[SourceTitle "EXT 2024"]
[Source "ChessBase"]
[SourceDate "2023.10.10"]
[SourceVersion "1"]
[SourceVersionDate "2023.10.10"]
[SourceQuality "1"]

1. e4 e5 2. Nf3 Nc6 3. d4 exd4 4. Bc4 Bb4+ 5. c3 dxc3 6. bxc3 Ba5 7. 0-0 d6 8. Qb3 Qf6 9. e5 dxe5 10. Re1 h6 11. Nxe5 Nxe5 12. Qb5+ Kd8 13. Rxe5 Qc6 14. Qxc6 bxc6 15. Rxa5 Nf6 16. Bf4 Re8 17. Na3 Re4 18. Rd1+ Bd7 19. Bg3 Nh5 20. Rxh5 1-0